| 000 | 00444nam a2200157Ia 4500 | ||
|---|---|---|---|
| 008 | 181130s2017 xx 000 0 und d | ||
| 100 | _aHulagu, Funda | ||
| 245 |
_aPost-cold war police reform and the transformation of the modern political field: _breflections from Turkey |
||
| 260 | _c2017 | ||
| 300 | _ap.98-123. | ||
| 504 | _dJan | ||
| 650 | _aPolice | ||
| 650 | _aPolice - Turkey | ||
| 773 | _aScience and Society | ||
| 906 | _aPolice | ||
| 999 |
_c506367 _d506367 |
||